Uncanny tales of cosmic horror and unspeakable terror/ (Record no. 361955)
[ view plain ]
| 000 -LEADER | |
|---|---|
| fixed length control field | 00426nam a2200133Ia 4500 |
| 008 - FIXED-LENGTH DATA ELEMENTS--GENERAL INFORMATION | |
| fixed length control field | 190712s9999 xx 000 0 und d |
| 020 ## - INTERNATIONAL STANDARD BOOK NUMBER | |
| International Standard Book Number | 9781911610205 |
| 100 ## - MAIN ENTRY--PERSONAL NAME | |
| Personal name | Lovecraft, H.P. |
| 245 ## - TITLE STATEMENT | |
| Statement of responsibility, etc | H.P. Lovecraft |
| Title | Uncanny tales of cosmic horror and unspeakable terror/ |
| 260 ## - PUBLICATION, DISTRIBUTION, ETC. (IMPRINT) | |
| Place of publication, distribution, etc | United Kingdom: |
| Name of publisher, distributor, etc | Carlton Publishing Group |
| Date of publication, distribution, etc | 2018 |
| 300 ## - PHYSICAL DESCRIPTION | |
| Extent | 624 p. ; |
| Dimensions | 220 cm. |
| 650 ## - SUBJECT ADDED ENTRY--TOPICAL TERM | |
| Topical term or geographic name as entry element | Literature-- philosphy |
| 650 ## - SUBJECT ADDED ENTRY--TOPICAL TERM | |
| Topical term or geographic name as entry element | Short stories |
| Withdrawn status | Lost status | Damaged status | Home library | Current library | Shelving location | Date acquired | Source of acquisition | Total Checkouts | Full call number | Barcode | Date last seen | Date checked out | Price effective from | Koha item type |
|---|---|---|---|---|---|---|---|---|---|---|---|---|---|---|
| Luxembourg Library | Luxembourg Library | High School Section | 07/12/2019 | Library Fund | 1 | PS 3523.D833 .L897 2018 | 20743 | 09/04/2023 | 08/29/2023 | 07/12/2019 | Books |